Statistics for People Who Have Been Considered Gods

Click here to take the quiz!

General Stats

  • This quiz has been taken 12,608 times
  • The average score is 10 of 16

Answer Stats

HintAnswer% Correct
The first Roman to be officially deified by the Senate
Julius Caesar
91%
This Greek conqueror was the son of Zeus, at least according to his momAlexander the Great
83%
Emperor of Japan who was forced to renounce his claim to divinity in 1946Hirohito
79%
The second Roman to be deified by the SenateAugustus
77%
Calcutta nun who some people worshiped as a Hindu goddessMother Teresa
75%
Husband of Queen Elizabeth who is worshiped as a god in VanuatuPrince Philip
75%
This reincarnated Tibetan leader is considered a manifestation of a god-like
being named Avalokiteśvara
Dalai Lama
74%
Egomaniac rapper who recorded the song "I Am a God" in 2013Kanye West
68%
Spanish conquistador who, according to some sources, the Aztecs believed
to be a personification of the god Quetzalcoatl
Hernán Cortés
61%
The Roman Senate deified this emperor shortly after his death in 337 A.D,
even though he had converted to Christianity
Constantine
57%
The name of this great Egyptian pharaoh means "sun of Ra", the Egyptian sun godRamesses
55%
Ethiopian emperor who is worshiped by some RastafariansHaile Selassie
47%
This final Aztec emperor is reportedly worshiped by some indigenous peoples in Mexico
Moctezuma II
43%
Haitian dictator who considered himself a divine being in the image of
Jesus Christ and of the spirits of Vodou legend
François Duvalier
36%
South Korean religious leader who claimed to be the second coming of ChristSun Myung Moon
27%
Sometimes called history's first architect and first doctor, this Egyptian from 2600 B.C.
was later worshiped as a god
Imhotep
26%

Score Distribution

Percentile by Number Answered

Percent of People with Each Score

Your Score History

You have not taken this quiz